[Event "81st Tata Steel Tienkamp 2019"]
[Site "Wijk aan Zee"]
[Date "2019.01.19"]
[Round "2"]
[White "Warmerdam, Max"]
[Black "Kosakowski, Jakub"]
[Result "1-0"]
[WhiteElo "2440"]
[BlackElo "2404"]
[Annotator "TA"]
[PlyCount "167"]
[EventDate "2019.01.12"]
[EventType "tourn"]
[EventCountry "NED"]
[SourceTitle "playchess.com"]
[Source "ChessBase"]
[SourceQuality "1"]

1. e4 e5 2. Nf3 Nc6 3. Bb5 a6 4. Ba4 b5 5. Bb3 Na5 6. O-O d6 7. d4 exd4 8. Nxd4 Bb7 9. c4 c5 10. Nf5 g6 11. Ne3 Bg7 12. Nc3 Nxb3 13. Qxb3 b4 14. Ncd5 Ne7 15. a3 a5 16. axb4 cxb4 17. Nxe7 Qxe7 18. Nd5 Bxd5 19. Qa4+ Qd7 20. exd5 Qxa4 21. Rxa4 b3 22. Bd2 Kd7 23. Rb1 Rhe8 24. Kf1 Bd4 25. Bc3 Bb6 26. Rba1 Re4 27. R1a3 Bc5 28. Rxb3 Rae8 29. Rxa5 Ke7 30. Bg7 Rd8 31. Rb7+ Rd7 32. Rxd7+ Kxd7 33. b3 f6 34. g3 Rd4 35. Ra2 Ke7 36. h4 Rd3 37. b4 Bxb4 38. Ra7+ Ke8 39. Bxf6 Bc5 40. Re7+ Kf8 41. Re4 h6 42. Ke2 Ra3 43. Bd4 Ra2+ 44. Kf3 Bxd4 45. Rxd4 Rc2 46. Re4 Kf7 47. Re6 Rc3+ 48. Ke2 Rxc4 49. h5 gxh5 50. Rxh6 Rg4 51. Rxh5 Kg6 52. Rh4 Rg5 53. Rd4 Kf5 54. Ke3 Rg8 55. Re4 Ra8 56. Re6 Ra3+ 57. Ke2 Ra6 58. Kf3 Ra3+ 59. Kg2 Ra6 60. f3 Ra2+ 61. Kh3 Ra3 62. g4+ Kf4 63. Rf6+ Kg5 64. Rf5+ Kg6 65. Kg3 Ra2 66. Rf8 Rd2 67. f4 Rxd5 68. g5 Rd1 69. Rf6+ Kg7 70. Kg4 Rd2 71. Re6 Kf7 72. Re1 Ra2 73. Rd1 Ke7 74. Kf5 Ra8 75. Re1+ Kf7 76. g6+ Kg8 77. Kg5 d5 78. Rd1 Rd8 79. Rd4 Kf8 80. f5 Ke7 81. f6+ Ke6 82. f7 Ra8 83. Rf4 Ke7 84. g7 1-0

[Event "81st Tata Steel Tienkamp 2019"]
[Site "Wijk aan Zee"]
[Date "2019.01.19"]
[Round "2"]
[White "Brink, Barry"]
[Black "Vrolijk, Liam"]
[Result "1/2-1/2"]
[WhiteElo "2385"]
[BlackElo "2433"]
[Annotator "TA"]
[PlyCount "78"]
[EventDate "2019.01.12"]
[EventType "tourn"]
[EventCountry "NED"]
[SourceTitle "playchess.com"]
[Source "ChessBase"]
[SourceQuality "1"]

1. d4 Nf6 2. c4 e6 3. Nf3 d5 4. Nc3 c5 5. e3 dxc4 6. Bxc4 a6 7. a4 Nc6 8. O-O Be7 9. Qe2 cxd4 10. Rd1 e5 11. exd4 exd4 12. Nxd4 Nxd4 13. Qe5 Qd6 14. Qxd4 Qxd4 15. Rxd4 Bc5 16. Rd1 O-O 17. h3 Be6 18. Bxe6 fxe6 19. Be3 Bxe3 20. fxe3 Rfd8 21. Kf2 Kf7 22. Ke2 Ke7 23. Rxd8 Rxd8 24. Ra3 b6 25. Rb3 Rd6 26. Rb4 Rc6 27. Kd2 h6 28. Rd4 g5 29. Rb4 Nd7 30. Ne4 a5 31. Rb5 Rc4 32. Nc3 Rh4 33. Ke2 Kd6 34. e4 Kc6 35. b4 axb4 36. Rxb4 Rf4 37. g3 Rf8 38. Rd4 Nc5 39. Nb5 Ra8 1/2-1/2

[Event "81st Tata Steel Tienkamp 2019"]
[Site "Wijk aan Zee"]
[Date "2019.01.19"]
[Round "2"]
[White "Rapport, Jovana"]
[Black "Beukema, Stefan"]
[Result "1/2-1/2"]
[WhiteElo "2375"]
[BlackElo "2414"]
[Annotator "TA"]
[PlyCount "40"]
[EventDate "2019.01.12"]
[EventType "tourn"]
[EventCountry "NED"]
[SourceTitle "playchess.com"]
[Source "ChessBase"]
[SourceQuality "1"]

1. d4 f5 2. b3 Nf6 3. Bb2 g6 4. e3 Bg7 5. h4 O-O 6. Nc3 b6 7. Qd2 Ba6 8. Nge2 Nc6 9. O-O-O e5 10. dxe5 Nxe5 11. Nf4 Bxf1 12. Rdxf1 c6 13. h5 Qe7 14. hxg6 hxg6 15. f3 d5 16. Kb1 Rad8 17. Qf2 g5 18. Nh5 Nxh5 19. Rxh5 Rd6 20. Nd1 Rg6 1/2-1/2

[Event "84th Tata Steel Masters 2022"]
[Site "Wijk aan Zee"]
[Date "2022.01.16"]
[Round "2.1"]
[White "Carlsen, Magnus"]
[Black "Giri, Anish"]
[Result "1-0"]
[WhiteElo "2856"]
[BlackElo "2772"]
[Annotator "TA"]
[PlyCount "71"]
[EventDate "2022.01.15"]
[EventType "tourn"]
[EventCountry "NED"]
[SourceTitle "playchess.com"]
[Source "ChessBase"]
[SourceQuality "1"]

1. d4 Nf6 2. c4 e6 3. Nf3 d5 4. g3 Be7 5. Bg2 O-O 6. O-O dxc4 7. Na3 Bxa3 8. bxa3 Bd7 9. a4 Bc6 10. Ba3 Re8 11. Qc2 Nbd7 12. Rac1 a6 13. Qxc4 Nb6 14. Qc3 Nxa4 15. Qb3 Qd5 16. Rxc6 Qxc6 17. Ne5 Qb5 18. Qc2 Nd5 19. Rb1 Qa5 20. Bxd5 exd5 21. Rxb7 c5 22. Qf5 Rf8 23. Nxf7 Qd8 24. dxc5 Qf6 25. Qxf6 gxf6 26. Nh6+ Kh8 27. c6 Rfc8 28. c7 Nc3 29. Bb2 d4 30. Nf7+ Kg7 31. Nd6 Kg6 32. Kf1 Nb5 33. Nxc8 Rxc8 34. a4 Nxc7 35. Bxd4 Ne6 36. Be3 1-0

[Event "82nd Tata Steel Masters 2020"]
[Site "Wijk aan Zee"]
[Date "2020.01.12"]
[Round "2.1"]
[White "Yu, Yangyi"]
[Black "Carlsen, Magnus"]
[Result "1/2-1/2"]
[WhiteElo "2726"]
[BlackElo "2872"]
[Annotator "TA"]
[PlyCount "61"]
[EventDate "2020.01.11"]
[EventType "tourn"]
[EventCountry "NED"]
[SourceTitle "playchess.com"]
[Source "ChessBase"]
[SourceQuality "1"]

1. e4 c5 2. Nf3 d6 3. d4 cxd4 4. Nxd4 Nf6 5. Nc3 a6 6. Be3 e5 7. Nf3 Be7 8. Bc4 O-O 9. O-O Nc6 10. Bb3 Na5 11. Bg5 Nxb3 12. axb3 Be6 13. Bxf6 Bxf6 14. Nd5 Rc8 15. c4 Bg5 16. Nxg5 Qxg5 17. Qd3 Bxd5 18. Qxd5 Rc6 19. Rfd1 Rfc8 20. Rd3 Qe7 21. g3 g6 22. Rad1 Qc7 23. Rc3 Kg7 24. Kg2 Re8 25. Qd3 Rb8 26. Rdc1 h5 27. h4 Qe7 28. Rd1 Qc7 29. Rdc1 Qe7 30. Rd1 Qc7 31. Rdc1 1/2-1/2

[Event "83rd Tata Steel Masters 2021"]
[Site "Wijk aan Zee"]
[Date "2021.01.17"]
[Round "2.1"]
[White "Anton Guijarro, David"]
[Black "Carlsen, Magnus"]
[Result "1/2-1/2"]
[WhiteElo "2679"]
[BlackElo "2862"]
[Annotator "TA"]
[PlyCount "137"]
[EventDate "2021.01.16"]
[EventType "tourn"]
[EventCountry "NED"]
[SourceTitle "playchess.com"]
[Source "ChessBase"]
[SourceQuality "1"]

1. e4 c5 2. Nf3 Nc6 3. Nc3 g6 4. d4 cxd4 5. Nxd4 Bg7 6. Be3 Nf6 7. Nb3 d6 8. f3 Be6 9. Qd2 d5 10. Bb5 dxe4 11. Qxd8+ Rxd8 12. fxe4 Bd7 13. O-O-O Ng4 14. Bc5 Bxc3 15. bxc3 b6 16. Bg1 Nce5 17. Bd3 Ba4 18. Bd4 Nxd3+ 19. cxd3 Rxd4 20. cxd4 Nf2 21. Kd2 Nxh1 22. Rxh1 e6 23. Nc1 Ke7 24. Ne2 Bd7 25. a4 Rc8 26. Nc3 f5 27. Rb1 fxe4 28. dxe4 e5 29. Kd3 exd4 30. Kxd4 Rc5 31. Nd5+ Kf7 32. Rf1+ Kg7 33. Nc3 Be6 34. Nb5 Rc2 35. Ke5 Bg8 36. Rg1 a5 37. Nd6 Bb3 38. Rb1 Bxa4 39. Rxb6 Rxg2 40. h4 Rh2 41. Ra6 Rxh4 42. Rxa5 Bd1 43. Ra1 Rh1 44. Ne8+ Kh6 45. Nf6 Kg5 46. Ra7 h5 47. Nh7+ Kh6 48. Nf8 Rf1 49. Rh7+ Kg5 50. Ne6+ Kh4 51. Rg7 Rg1 52. Nd4 g5 53. Nf5+ Kh3 54. Ne3 Bf3 55. Kf5 Kh4 56. Ke5 Bg4 57. Kd4 Bh3 58. e5 Ra1 59. Rg6 Ra4+ 60. Kd5 Ra5+ 61. Kd4 Ra8 62. e6 Re8 63. Ke5 Bg4 64. Kd6 Rxe6+ 65. Rxe6 Bxe6 66. Kxe6 Kg3 67. Kf5 Kf3 68. Kxg5 Kxe3 69. Kxh5 1/2-1/2

[Event "84th Tata Steel Challengers 2022"]
[Site "Wijk aan Zee"]
[Date "2022.01.16"]
[Round "2.1"]
[White "Murzin, Volodar"]
[Black "Shuvalova, Polina"]
[Result "1-0"]
[WhiteElo "2519"]
[BlackElo "2516"]
[Annotator "TA"]
[PlyCount "81"]
[EventDate "2022.01.15"]
[EventType "tourn"]
[EventCountry "NED"]
[SourceTitle "playchess.com"]
[Source "ChessBase"]
[SourceQuality "1"]

1. e4 e5 2. Nf3 Nc6 3. Bb5 a6 4. Ba4 Nf6 5. O-O Be7 6. Re1 b5 7. Bb3 O-O 8. a4 Rb8 9. axb5 axb5 10. c3 d6 11. d4 exd4 12. cxd4 d5 13. e5 Ne4 14. Be3 Bf5 15. Nfd2 Qd7 16. Nf1 h6 17. f3 Ng5 18. Nc3 Nb4 19. Ng3 Bh7 20. f4 Ne4 21. Ncxe4 dxe4 22. Rf1 Nd5 23. Bxd5 Qxd5 24. Rc1 Rbc8 25. f5 Rfd8 26. f6 gxf6 27. exf6 Bf8 28. Kh1 Bg6 29. Qg4 Kh7 30. Nf5 c5 31. dxc5 Rc6 32. Ne7 Bxe7 33. fxe7 Re8 34. Rcd1 Qh5 35. Qxh5 Bxh5 36. Rd6 Rxd6 37. cxd6 Bg4 38. Rxf7+ Kg6 39. Rf4 Bd7 40. Rxe4 Ra8 41. h3 1-0

[Event "Tata Steel Tienkampen 2023"]
[Site "Wijk aan Zee"]
[Date "2023.01.21"]
[Round "2.1"]
[White "Lopez, Jasel"]
[Black "Pijpers, Arthur"]
[Result "1/2-1/2"]
[WhiteElo "2434"]
[BlackElo "2445"]
[Annotator "TA"]
[PlyCount "51"]
[EventDate "2023.01.20"]
[EventType "swiss"]
[EventCountry "NED"]
[SourceTitle "playchess.com"]
[Source "ChessBase"]
[SourceQuality "1"]

1. c4 Nf6 2. Nc3 d5 3. cxd5 Nxd5 4. e4 Nxc3 5. dxc3 Qxd1+ 6. Kxd1 e5 7. Be3 Be6 8. Nf3 f6 9. Nd2 Nd7 10. Bb5 Kf7 11. Kc2 a6 12. Bc4 Bc5 13. Rae1 Rhd8 14. Bxe6+ Kxe6 15. Nb3 Bxe3 16. Rxe3 a5 17. a4 b6 18. g3 Nf8 19. f4 exf4 20. gxf4 Kf7 21. Rf1 Re8 22. Nd4 Ne6 23. Nc6 Nd8 24. Nd4 Ne6 25. Nc6 Nd8 26. Nd4 1/2-1/2

[Event "83rd Tata Steel Masters 2021"]
[Site "Wijk aan Zee"]
[Date "2021.01.17"]
[Round "2.2"]
[White "Vachier-Lagrave, Maxime"]
[Black "Firouzja, Alireza"]
[Result "1/2-1/2"]
[WhiteElo "2784"]
[BlackElo "2749"]
[Annotator "TA"]
[PlyCount "70"]
[EventDate "2021.01.16"]
[EventType "tourn"]
[EventCountry "NED"]
[SourceTitle "playchess.com"]
[Source "ChessBase"]
[SourceQuality "1"]

1. e4 c6 2. d4 d5 3. e5 Bf5 4. Nf3 e6 5. Be2 Ne7 6. O-O c5 7. c4 Nbc6 8. dxc5 dxc4 9. Bxc4 Ng6 10. Be3 Be7 11. Bb5 O-O 12. Bxc6 bxc6 13. Na3 Qb8 14. Nc4 Be4 15. Nd6 Bd5 16. b3 f6 17. exf6 Bxf6 18. Rc1 Qb4 19. Nc4 Be7 20. Ne1 Rad8 21. Qe2 Qb8 22. Nd3 Rf5 23. f3 Nh4 24. Rf2 Kh8 25. f4 Ng6 26. Nce5 Nxe5 27. Nxe5 Qb4 28. Qc2 Kg8 29. Rd1 Bf6 30. Nc4 Bxc4 31. bxc4 Rxd1+ 32. Qxd1 Be7 33. Qb3 Qe1+ 34. Rf1 Qxe3+ 35. Qxe3 Bxc5 1/2-1/2

[Event "82nd Tata Steel Masters 2020"]
[Site "Wijk aan Zee"]
[Date "2020.01.12"]
[Round "2.2"]
[White "Artemiev, Vladislav"]
[Black "Vitiugov, Nikita"]
[Result "1-0"]
[WhiteElo "2731"]
[BlackElo "2747"]
[Annotator "TA RC"]
[PlyCount "79"]
[EventDate "2020.01.11"]
[EventType "tourn"]
[EventCountry "NED"]
[SourceTitle "playchess.com"]
[Source "ChessBase"]
[SourceQuality "1"]

1. Nf3 d5 2. e3 Nf6 3. c4 e6 4. Nc3 dxc4 5. Bxc4 a6 6. O-O b5 7. Be2 Bb7 8. a4 b4 9. Nb1 c5 10. d3 Nc6 11. Nbd2 Be7 12. e4 a5 13. Nb3 c4 14. dxc4 Nxe4 15. Qxd8+ Rxd8 16. Be3 O-O 17. Bb6 Ra8 18. Rfd1 Rfc8 19. Kf1 Nf6 20. Rac1 Bd8 21. Bxd8 Nxd8 22. Ne5 Kf8 23. Rd6 Ra7 24. Rcd1 Nc6 25. f4 Ba8 26. Bf3 Nxe5 27. fxe5 Bxf3 28. gxf3 Ne8 29. R6d4 Ke7 30. Ke2 g6 31. c5 Ng7 32. Rd6 Nf5 33. Rb6 f6 34. f4 g5 35. exf6+ Kxf6 36. fxg5+ Kxg5 37. Rxe6 Rf7 38. Re4 Rc6 39. Rg1+ Kh5 40. Kd3 1-0

[Event "84th Tata Steel Masters 2022"]
[Site "Wijk aan Zee"]
[Date "2022.01.16"]
[Round "2.2"]
[White "Vidit, Santosh Gujrathi"]
[Black "Caruana, Fabiano"]
[Result "1/2-1/2"]
[WhiteElo "2727"]
[BlackElo "2792"]
[Annotator "TA"]
[PlyCount "53"]
[EventDate "2022.01.15"]
[EventType "tourn"]
[EventCountry "NED"]
[SourceTitle "playchess.com"]
[Source "ChessBase"]
[SourceQuality "1"]

1. d4 Nf6 2. c4 e6 3. Nf3 d5 4. Nc3 c6 5. e3 Nbd7 6. Qc2 Bd6 7. Bd3 O-O 8. O-O e5 9. cxd5 cxd5 10. e4 dxe4 11. Nxe4 Nxe4 12. Bxe4 h6 13. Be3 exd4 14. Bxd4 Nf6 15. Bf5 Qa5 16. Bxc8 Rfxc8 17. Qb3 Qd5 18. Qxd5 Nxd5 19. Rfd1 Rd8 20. Kf1 Nb4 21. Bc3 Nc6 22. Nd4 Nxd4 23. Rxd4 Bc5 24. Rg4 Bf8 25. Rd4 Bc5 26. Rg4 Bf8 27. Rd4 1/2-1/2

[Event "84th Tata Steel Challengers 2022"]
[Site "Wijk aan Zee"]
[Date "2022.01.16"]
[Round "2.2"]
[White "Van Foreest, Lucas"]
[Black "Ganguly, Surya Shekhar"]
[Result "1/2-1/2"]
[WhiteElo "2530"]
[BlackElo "2627"]
[Annotator "TA"]
[PlyCount "60"]
[EventDate "2022.01.15"]
[EventType "tourn"]
[EventCountry "NED"]
[SourceTitle "playchess.com"]
[Source "ChessBase"]
[SourceQuality "1"]

1. d4 Nf6 2. c4 e6 3. Nf3 d5 4. g3 dxc4 5. Bg2 c5 6. O-O Nc6 7. Ne5 Bd7 8. Na3 cxd4 9. Naxc4 Be7 10. Qb3 Qc7 11. Bf4 Nh5 12. Nxc6 Nxf4 13. Nxe7 Nxg2 14. Rac1 Qc5 15. Qxb7 Kxe7 16. Qxg2 Bc6 17. Qh3 Qd5 18. f3 Bb5 19. b3 Rac8 20. Rfd1 Bxc4 21. bxc4 Rxc4 22. Rxc4 Qxc4 23. Qh4+ f6 24. Qxd4 Qxd4+ 25. Rxd4 a5 26. Ra4 Ra8 27. Kf2 Kd6 28. Ke3 Kc5 29. Kd3 Rd8+ 30. Kc3 Kb5 1/2-1/2

[Event "Tata Steel Tienkampen 2023"]
[Site "Wijk aan Zee"]
[Date "2023.01.21"]
[Round "2.2"]
[White "Culum, Sanjin"]
[Black "Van der Werf, Mark"]
[Result "1-0"]
[WhiteElo "2242"]
[BlackElo "2412"]
[Annotator "TA"]
[PlyCount "73"]
[EventDate "2023.01.20"]
[EventType "swiss"]
[EventCountry "NED"]
[SourceTitle "playchess.com"]
[Source "ChessBase"]
[SourceQuality "1"]

1. e4 e5 2. Nf3 Nc6 3. Bc4 Nf6 4. d3 Bc5 5. c3 d6 6. O-O h6 7. Re1 O-O 8. h3 a5 9. d4 Ba7 10. Bb3 Re8 11. Bc2 b5 12. a4 b4 13. Be3 bxc3 14. bxc3 exd4 15. cxd4 Nb4 16. Nc3 Bb7 17. d5 c6 18. dxc6 Bxc6 19. Bxa7 Rxa7 20. Nd4 Rc7 21. Bb1 Bb7 22. Ra3 Rc4 23. Nf5 Re6 24. e5 Ne8 25. exd6 Rxe1+ 26. Qxe1 Nf6 27. Nb5 Bc8 28. Rc3 Rxc3 29. Qxc3 Be6 30. Qc7 Qa8 31. Ne7+ Kf8 32. Bf5 Nbd5 33. Nxd5 Nxd5 34. Bxe6 Nxc7 35. dxc7 fxe6 36. Nd6 Ke7 37. c8=Q 1-0

[Event "82nd Tata Steel Masters 2020"]
[Site "Wijk aan Zee"]
[Date "2020.01.12"]
[Round "2.3"]
[White "Dubov, Daniil"]
[Black "Kovalev, Vladislav"]
[Result "1-0"]
[WhiteElo "2683"]
[BlackElo "2660"]
[Annotator "TA"]
[PlyCount "77"]
[EventDate "2020.01.11"]
[EventType "tourn"]
[EventCountry "NED"]
[SourceTitle "playchess.com"]
[Source "ChessBase"]
[SourceQuality "1"]

1. c4 Nf6 2. Nc3 e6 3. e4 c5 4. e5 Ng8 5. d4 cxd4 6. Qxd4 Nc6 7. Qf4 d6 8. Nf3 Nge7 9. exd6 Ng6 10. Qe4 Qxd6 11. Bd2 Be7 12. O-O-O f5 13. Qe1 O-O 14. h4 Bf6 15. Kb1 Qe7 16. Bg5 Bd7 17. c5 Rad8 18. h5 Nge5 19. Nxe5 Bxg5 20. Nxd7 Rxd7 21. Rxd7 Qxd7 22. Bc4 Kh8 23. Qxe6 Qxe6 24. Bxe6 Be7 25. Na4 Rd8 26. Bxf5 Rd2 27. Bc8 b5 28. cxb6 axb6 29. Re1 Rxf2 30. Bb7 Nd4 31. a3 Bf8 32. Re8 g5 33. h6 Rf6 34. Nxb6 Rxh6 35. Nd7 Kg7 36. Nxf8 Rd6 37. Be4 h5 38. Nh7 g4 39. Re5 1-0

[Event "83rd Tata Steel Masters 2021"]
[Site "Wijk aan Zee"]
[Date "2021.01.17"]
[Round "2.3"]
[White "Donchenko, Alexander"]
[Black "Caruana, Fabiano"]
[Result "0-1"]
[WhiteElo "2668"]
[BlackElo "2823"]
[Annotator "TA"]
[PlyCount "64"]
[EventDate "2021.01.16"]
[EventType "tourn"]
[EventCountry "NED"]
[SourceTitle "playchess.com"]
[Source "ChessBase"]
[SourceQuality "1"]

1. d4 d5 2. c4 c6 3. Nf3 Nf6 4. e3 Bf5 5. Nc3 e6 6. Nh4 Be4 7. f3 Bg6 8. Bd2 Be7 9. Nxg6 hxg6 10. Qc2 Nbd7 11. O-O-O a6 12. g4 dxc4 13. Bxc4 b5 14. Be2 c5 15. d5 Nxd5 16. Nxd5 exd5 17. f4 b4 18. e4 d4 19. e5 Nb6 20. e6 Qd5 21. exf7+ Kf8 22. h4 Qxa2 23. Qxg6 b3 24. Be1 c4 25. Rxd4 Na4 26. Qb1 Ba3 27. Qxa2 bxa2 28. Kc2 Rb8 29. Rd8+ Rxd8 30. bxa3 c3 31. Bg3 Rd2+ 32. Kb3 Nc5+ 0-1

[Event "84th Tata Steel Masters 2022"]
[Site "Wijk aan Zee"]
[Date "2022.01.16"]
[Round "2.3"]
[White "Praggnanandhaa R"]
[Black "Duda, Jan-Krzysztof"]
[Result "1/2-1/2"]
[WhiteElo "2612"]
[BlackElo "2760"]
[Annotator "TA"]
[PlyCount "80"]
[EventDate "2022.01.15"]
[EventType "tourn"]
[EventCountry "NED"]
[SourceTitle "playchess.com"]
[Source "ChessBase"]
[SourceQuality "1"]

1. d4 Nf6 2. c4 e6 3. Nf3 d5 4. Nc3 c5 5. cxd5 Nxd5 6. e4 Nxc3 7. bxc3 cxd4 8. cxd4 Bb4+ 9. Bd2 Bxd2+ 10. Qxd2 O-O 11. Bc4 Nd7 12. O-O b6 13. Rfe1 Bb7 14. Rad1 Rc8 15. Bb3 Re8 16. Re3 Nf6 17. Qe1 Ng4 18. Re2 Ba6 19. Red2 Bc4 20. Bxc4 Rxc4 21. Qe2 Rc7 22. Qd3 Nf6 23. d5 exd5 24. e5 Nd7 25. Qxd5 Qe7 26. Qb5 Nf8 27. h3 h6 28. Rd6 Rec8 29. Qd3 Rc3 30. Qf5 Rc1 31. Rxc1 Rxc1+ 32. Kh2 Rc5 33. Qd3 Qb7 34. h4 Qe7 35. Rd8 g6 36. Rb8 Kg7 37. Qe4 Nd7 38. Rb7 Qe6 39. Rxa7 Nxe5 40. Nxe5 Qxe5+ 1/2-1/2

[Event "84th Tata Steel Challengers 2022"]
[Site "Wijk aan Zee"]
[Date "2022.01.16"]
[Round "2.3"]
[White "Nguyen, Thai Dai Van"]
[Black "Bjerre, Jonas Buhl"]
[Result "1-0"]
[WhiteElo "2609"]
[BlackElo "2586"]
[Annotator "TA"]
[PlyCount "99"]
[EventDate "2022.01.15"]
[EventType "tourn"]
[EventCountry "NED"]
[SourceTitle "playchess.com"]
[Source "ChessBase"]
[SourceQuality "1"]

1. Nf3 c5 2. c4 Nc6 3. Nc3 Nf6 4. e3 e5 5. d4 e4 6. d5 exf3 7. dxc6 dxc6 8. Qxd8+ Kxd8 9. gxf3 g6 10. b3 Bg7 11. Bb2 b6 12. a4 a5 13. O-O-O+ Kc7 14. Ne4 Nh5 15. Ba3 Bd7 16. Kc2 Rad8 17. Bd3 Nf6 18. Ng3 Bh3 19. Rhg1 Rd7 20. Bb2 Rhd8 21. Be5+ Kc8 22. Be2 Nh5 23. Rxd7 Rxd7 24. f4 Bxe5 25. fxe5 Ng7 26. Kc3 Re7 27. f4 Ne8 28. Ne4 Bf5 29. Ng5 h6 30. Nf3 Ng7 31. Bd3 Bd7 32. e4 Nh5 33. f5 Be8 34. Kd2 Rd7 35. Ke3 Kd8 36. Be2 gxf5 37. exf5 f6 38. e6 Rg7 39. Rd1+ Ke7 40. Bf1 Rg8 41. Bh3 Rg7 42. Nd2 Ng3 43. Kf2 Nh5 44. Kf3 Rg8 45. Ne4 Ng7 46. Rg1 Bh5+ 47. Kf2 Be8 48. Bf1 Bh5 49. Bd3 Be8 50. Be2 1-0

[Event "Tata Steel Tienkampen 2023"]
[Site "Wijk aan Zee"]
[Date "2023.01.21"]
[Round "2.3"]
[White "Pham, Khoi"]
[Black "Martins, Vinicius Tine"]
[Result "1-0"]
[WhiteElo "2353"]
[BlackElo "2320"]
[Annotator "TA"]
[PlyCount "117"]
[EventDate "2023.01.20"]
[EventType "swiss"]
[EventCountry "NED"]
[SourceTitle "playchess.com"]
[Source "ChessBase"]
[SourceQuality "1"]

1. e4 e5 2. Nf3 Nc6 3. Bb5 Nf6 4. d3 Bc5 5. Bxc6 dxc6 6. O-O Qe7 7. Nbd2 Bg4 8. h3 Bh5 9. a3 Nd7 10. b4 Bb6 11. Nc4 f6 12. a4 a6 13. a5 Ba7 14. c3 O-O 15. Ne3 Rfd8 16. Nf5 Qe8 17. g4 Bg6 18. N3h4 Nf8 19. g5 Bh5 20. Qc2 fxg5 21. Bxg5 Rd7 22. Kh2 Ne6 23. Rg1 Kh8 24. Qd2 Qf7 25. Be3 Bxe3 26. fxe3 g6 27. Ng3 Qf6 28. Nhf5 gxf5 29. Nxh5 Qh4 30. exf5 Ng5 31. Qg2 Rxd3 32. Qg4 Rd2+ 33. Rg2 Qxg4 34. hxg4 Rad8 35. Ra2 Rxa2 36. Rxa2 Rd3 37. Kg2 e4 38. Kg3 Rxc3 39. Kf4 h6 40. Rd2 Rd3 41. Rc2 Nf7 42. Nf6 Nd6 43. Nxe4 Rb3 44. Nxd6 cxd6 45. Rc4 Kg7 46. Rd4 d5 47. e4 dxe4 48. Ke5 e3 49. Ke6 e2 50. Re4 Rxb4 51. Rxe2 Kf8 52. Rg2 c5 53. Kf6 Rd4 54. Kg6 Rd6+ 55. f6 c4 56. Rc2 Rd4 57. g5 hxg5 58. Rh2 Rh4 59. Rd2 1-0

[Event "86th Tata Steel Tienkamp 2024"]
[Site "Wijk aan Zee"]
[Date "2024.01.20"]
[Round "2.3"]
[White "Baselmans, Luuk"]
[Black "Zwirs, Nico"]
[Result "0-1"]
[WhiteElo "2323"]
[BlackElo "2476"]
[Annotator "TA"]
[PlyCount "102"]
[EventDate "2024.01.02"]
[EventType "tourn"]
[EventCountry "NED"]
[SourceTitle "playchess.com"]
[Source "ChessBase"]
[SourceQuality "1"]

1. e4 c5 2. Nf3 d6 3. Bb5+ Nd7 4. c4 Ngf6 5. Nc3 g6 6. d3 Bg7 7. h3 O-O 8. Ba4 Nb6 9. Bb3 e5 10. Nd2 Nh5 11. Ne2 f5 12. exf5 gxf5 13. O-O Qe8 14. Re1 Qg6 15. f4 Bd7 16. Nf3 Bc6 17. Nc3 Qg3 18. Nd5 Bxd5 19. cxd5 Nxf4 20. Bxf4 Qxf4 21. Qd2 Bh6 22. Qxf4 Bxf4 23. Re2 Rae8 24. Rf1 Re7 25. Kh1 Rg7 26. Nh4 Rg5 27. a3 a5 28. Ba2 Rg3 29. Rf3 Rxf3 30. Nxf3 h5 31. Nh4 Bg5 32. Nf3 Bf4 33. Nh4 Bg5 34. Nf3 Bc1 35. Re1 Bf4 36. Re2 Kg7 37. Nh4 Bg5 38. Nf3 Bf4 39. Nh4 Bg5 40. Nf3 Kg6 41. Kg1 Rc8 42. Kf2 Kf6 43. h4 Bh6 44. Bb3 a4 45. Bc4 Nxc4 46. dxc4 Ra8 47. g3 Ra6 48. Rc2 Rb6 49. Ng1 Rb3 50. Ne2 Be3+ 51. Kg2 Bd4 0-1

[Event "84th Tata Steel Masters 2022"]
[Site "Wijk aan Zee"]
[Date "2022.01.16"]
[Round "2.4"]
[White "Rapport, Richard"]
[Black "Van Foreest, Jorden"]
[Result "1-0"]
[WhiteElo "2763"]
[BlackElo "2702"]
[Annotator "TA"]
[PlyCount "93"]
[EventDate "2022.01.15"]
[EventType "tourn"]
[EventCountry "NED"]
[SourceTitle "playchess.com"]
[Source "ChessBase"]
[SourceQuality "1"]

1. d4 d5 2. c4 c6 3. Nf3 Nf6 4. Nbd2 Bf5 5. Nh4 Be6 6. e3 g6 7. b3 Bg7 8. Bb2 O-O 9. Rc1 Ne4 10. Nhf3 Qa5 11. a3 c5 12. Bd3 Nxd2 13. Qxd2 Qxd2+ 14. Kxd2 Nd7 15. Rc2 Rad8 16. h3 Rfe8 17. Ke2 cxd4 18. Bxd4 dxc4 19. Bxc4 Bxc4+ 20. Rxc4 Bxd4 21. Nxd4 Nb6 22. Rc5 Rc8 23. Rhc1 Rxc5 24. Rxc5 Rc8 25. Rxc8+ Nxc8 26. Kd3 Nd6 27. f4 f5 28. Nf3 Kf7 29. a4 Ne4 30. Kd4 Ke6 31. g4 Kd6 32. b4 Nf6 33. gxf5 gxf5 34. Ng5 e6 35. e4 Nd7 36. Nxh7 e5+ 37. fxe5+ Nxe5 38. exf5 Nc6+ 39. Kc4 Ke5 40. f6 Ke6 41. b5 Ne5+ 42. Kd4 a6 43. Ng5+ Kxf6 44. Ne4+ Kf5 45. Nd6+ Kf4 46. b6 a5 47. Kc5 1-0

[Event "82nd Tata Steel Masters 2020"]
[Site "Wijk aan Zee"]
[Date "2020.01.12"]
[Round "2.4"]
[White "Duda, Jan-Krzysztof"]
[Black "Firouzja, Alireza"]
[Result "1/2-1/2"]
[WhiteElo "2758"]
[BlackElo "2723"]
[Annotator "TA"]
[PlyCount "78"]
[EventDate "2020.01.11"]
[EventType "tourn"]
[EventCountry "NED"]
[SourceTitle "playchess.com"]
[Source "ChessBase"]
[SourceQuality "1"]

1. d4 d5 2. c4 dxc4 3. e4 e5 4. Nf3 exd4 5. Qxd4 Qxd4 6. Nxd4 Bc5 7. Nb5 Na6 8. Bf4 Nf6 9. N1c3 Ng4 10. Bg3 O-O 11. Bxc4 c6 12. Nd6 b5 13. Bb3 Nxf2 14. Rf1 Nd3+ 15. Kd2 Nxb2 16. Rab1 Nc4+ 17. Nxc4 bxc4 18. Bxc4 Rd8+ 19. Kc2 Nb4+ 20. Kb3 Be6 21. Bxe6 fxe6 22. Rbd1 Be7 23. Kc4 Nc2 24. Rxd8+ Rxd8 25. Rf3 Rd7 26. Ne2 Rd2 27. Nf4 e5 28. Nd3 Na3+ 29. Kb3 Nb5 30. Bxe5 Rxg2 31. Rg3 Rxg3 32. Bxg3 Nd4+ 33. Kc4 Nf3 34. Bb8 a5 35. a4 Nd2+ 36. Kd4 Nb3+ 37. Kc4 Nd2+ 38. Kd4 g5 39. Ne5 Bf6 1/2-1/2

[Event "83rd Tata Steel Masters 2021"]
[Site "Wijk aan Zee"]
[Date "2021.01.17"]
[Round "2.4"]
[White "Duda, Jan-Krzysztof"]
[Black "Grandelius, Nils"]
[Result "0-1"]
[WhiteElo "2743"]
[BlackElo "2663"]
[Annotator "TA"]
[PlyCount "80"]
[EventDate "2021.01.16"]
[EventType "tourn"]
[EventCountry "NED"]
[SourceTitle "playchess.com"]
[Source "ChessBase"]
[SourceQuality "1"]

1. c4 c5 2. Nf3 Nc6 3. b3 e5 4. Bb2 d6 5. Nc3 g6 6. g3 Bg7 7. Bg2 Nge7 8. O-O O-O 9. d3 Rb8 10. Ne1 Be6 11. Nd5 Qd7 12. Nc2 Bh3 13. Qd2 Bxg2 14. Kxg2 f5 15. b4 f4 16. bxc5 dxc5 17. e4 f3+ 18. Kh1 Nd4 19. Nxe7+ Qxe7 20. Ne3 Qd7 21. Bxd4 exd4 22. Nd5 Rbe8 23. Rg1 Qg4 24. Qd1 Re5 25. Nf4 g5 26. h3 Qd7 27. Qxf3 Re7 28. Rg2 Qc7 29. Qh5 gxf4 30. gxf4 Qxf4 31. Qxc5 Qh4 32. Rg3 Kh8 33. Rag1 b6 34. Qd5 Qf4 35. c5 bxc5 36. Qxc5 Qe5 37. Qc6 Ref7 38. Rg5 Qf4 39. e5 Qxf2 40. Qe4 Re7 0-1